000 00414nam a2200157Ia 4500
008 210210b1970 xxu||||| |||| 00| 0 eng d
082 _a547 BAHT
100 _aBAHL (B S) & BAHL (Arun).
245 _aText book of organic chemistry.Ed 11.
250 _a
260 _aNew Delhi
_bS. Chand & Co. Ltd.
_c1970
300 _aviii,901
650 _aOrganic chemistry
690 _aOrganic Chemistry
906 _a028118
999 _c79378
_d79378